[Event "Chigorin Memorial"]
[Site "St Petersburg"]
[Date "2015.10.11"]
[Round "9.112"]
[White "Senkevich, Konstantin"]
[Black "Royset, Pal"]
[Result "0-1"]
[WhiteElo "2005"]
[BlackElo "2234"]
[PlyCount "58"]
[EventDate "2015.10.03"]
[EventRounds "9"]
[EventCountry "RUS"]

1. e4 g6 2. d4 Bg7 3. c4 d6 4. Nc3 Nc6 5. Be3 e5 6. Nge2 Nf6 7. f3 a6 8. d5 Nb8
9. Qd2 h5 10. Bg5 Nbd7 11. Nc1 Qe7 12. Nd3 c5 13. dxc6 bxc6 14. Nb4 Bb7 15.
O-O-O d5 16. Nxc6 Bxc6 17. exd5 Bb7 18. Ne4 a5 19. g3 Nxe4 20. fxe4 Qxg5 21.
Qxg5 Bh6 22. Qxh6 Rxh6 23. Bh3 Nc5 24. Rhe1 Ra6 25. Re3 Ke7 26. Bg2 g5 27. Rf1
Bc8 28. Kc2 Rhb6 29. Kc3 Na4+ 0-1

[Event "Chigorin Memorial"]
[Site "St Petersburg"]
[Date "2015.10.11"]
[Round "9.113"]
[White "Zhikharev, Valeriy"]
[Black "Kuryshev, Ivan"]
[Result "1-0"]
[WhiteElo "2212"]
[BlackElo "1989"]
[PlyCount "87"]
[EventDate "2015.10.03"]
[EventRounds "9"]
[EventCountry "RUS"]

1. d4 Nf6 2. c4 g6 3. Nc3 Bg7 4. Nf3 O-O 5. Bg5 d6 6. e3 Nbd7 7. Be2 c6 8. O-O
Qc7 9. Rc1 h6 10. Bh4 g5 11. Bg3 Nh5 12. Nd2 Nxg3 13. hxg3 a6 14. g4 Nf6 15.
Nde4 Bd7 16. Ng3 c5 17. Nd5 Nxd5 18. cxd5 Qb6 19. dxc5 dxc5 20. b3 Rac8 21. Bd3
Be5 22. Bf5 Bxg3 23. Bxd7 Rc7 24. Bf5 Be5 25. Be4 Qd6 26. Qe2 Kg7 27. g3 Bf6
28. f4 e6 29. Rcd1 exd5 30. Bxd5 Qe7 31. Kg2 Rd7 32. Qf3 b5 33. e4 Bd4 34. Rh1
f6 35. b4 Rdd8 36. Qd3 Rh8 37. Rc1 Qa7 38. Rhd1 Rhe8 39. bxc5 Bxc5 40. e5 fxe5
41. fxg5 Rd6 42. Qf5 Bd4 43. Be4 Rh8 44. Rxd4 1-0

[Event "Chigorin Memorial"]
[Site "St Petersburg"]
[Date "2015.10.11"]
[Round "9.114"]
[White "Mamyrbay, Assad"]
[Black "Permin, Viktor"]
[Result "1-0"]
[WhiteElo "2195"]
[BlackElo "1978"]
[PlyCount "91"]
[EventDate "2015.10.03"]
[EventRounds "9"]
[EventCountry "RUS"]

1. e4 e5 2. Nf3 Nc6 3. Bb5 a6 4. Ba4 Nf6 5. O-O b5 6. Bb3 Be7 7. a4 b4 8. d4 d6
9. dxe5 Nxe5 10. Nxe5 dxe5 11. Qe2 Bb7 12. Rd1 Qc8 13. Nd2 O-O 14. a5 Bc6 15.
Bc4 Bc5 16. Bd3 Qb7 17. Nb3 Be7 18. Bg5 Bb5 19. Bxf6 Bxd3 20. Qxd3 Bxf6 21. Nc5
Qc6 22. Qd5 Qxd5 23. Rxd5 Rfd8 24. Rxd8+ Bxd8 25. Nd3 Rb8 26. Nxe5 Rb5 27. Rd1
Bf6 28. Nc4 g6 29. b3 Kg7 30. Rd7 Rc5 31. Kf1 Kf8 32. Ke2 Ke8 33. Rd5 Rxd5 34.
exd5 Kd7 35. Kd3 Bg7 36. Nd2 c6 37. dxc6+ Kxc6 38. Kc4 Bf6 39. Ne4 Be7 40. f3
f5 41. Nf2 Bd8 42. Nd3 Bxa5 43. Nxb4+ Kb7 44. Nd5 Kc6 45. Nb4+ Kb7 46. Nd5 1-0

[Event "Chigorin Memorial"]
[Site "St Petersburg"]
[Date "2015.10.11"]
[Round "9.115"]
[White "Kiseleva, Arina"]
[Black "Zherebtsova, Alexandra"]
[Result "1-0"]
[WhiteElo "1998"]
[BlackElo "2181"]
[PlyCount "67"]
[EventDate "2015.10.03"]
[EventRounds "9"]
[EventCountry "RUS"]

1. d4 f5 2. Nf3 Nf6 3. g3 g6 4. Bg2 Bg7 5. O-O O-O 6. c4 d6 7. b3 c6 8. Bb2 a5
9. Re1 e5 10. dxe5 Ng4 11. Qc1 Nxe5 12. Nbd2 Na6 13. Bd4 Bd7 14. Qb2 Qc7 15. a3
Rae8 16. b4 c5 17. bxc5 Nxc5 18. Nxe5 Bxe5 19. Nf3 Na4 20. Qb3 Kg7 21. Rab1 Re7
22. Qxb7 Qxc4 23. Bxe5+ dxe5 24. Nxe5 Rxe5 25. Qxd7+ Rf7 26. Qd3 Qe6 27. f4 Rd7
28. Qc2 Re4 29. Bxe4 Qxe4 30. Qxe4 fxe4 31. Rb5 Nc3 32. Rc5 Nd1 33. Rxa5 e3 34.
Re5 1-0

[Event "Chigorin Memorial"]
[Site "St Petersburg"]
[Date "2015.10.11"]
[Round "9.117"]
[White "Ivanov, Rostislav"]
[Black "Shmoilov, Dmitry"]
[Result "1/2-1/2"]
[WhiteElo "2134"]
[BlackElo "1934"]
[PlyCount "89"]
[EventDate "2015.10.03"]
[EventRounds "9"]
[EventCountry "RUS"]

1. e4 c6 2. d4 d5 3. e5 c5 4. c3 Nc6 5. a3 Bf5 6. Nf3 e6 7. Be2 Nge7 8. O-O Bg4
9. Nbd2 cxd4 10. cxd4 a5 11. h3 Bh5 12. Bb5 Qb6 13. Ba4 Qa6 14. Qb3 Nc8 15.
Bxc6+ Qxc6 16. Re1 a4 17. Qc3 Na7 18. g4 Bg6 19. Qe3 Be7 20. Nf1 Qb6 21. Ng3
Nc6 22. Kg2 Na5 23. Nd2 Rc8 24. Rh1 O-O 25. h4 f6 26. f4 fxe5 27. fxe5 Rc2 28.
Kh3 Nc4 29. Nxc4 dxc4 30. h5 Qc6 31. Rh2 Rxh2+ 32. Kxh2 Rf3 33. Qg1 Bh4 34. Nh1
Qe4 35. hxg6 Qd3 36. Qg2 hxg6 37. Bd2 b5 38. Be1 g5 39. Bf2 Rf4 40. Rf1 Bxf2
41. Nxf2 Qxd4 42. Kg1 Qxb2 43. Qa8+ Kh7 44. Qh1+ Kg8 45. Qa8+ 1/2-1/2

[Event "Chigorin Memorial"]
[Site "St Petersburg"]
[Date "2015.10.11"]
[Round "9.118"]
[White "Yakimenko, Viktoria"]
[Black "Derli, Olga"]
[Result "0-1"]
[WhiteElo "1974"]
[BlackElo "2131"]
[PlyCount "96"]
[EventDate "2015.10.03"]
[EventRounds "9"]
[EventCountry "RUS"]

1. e4 c5 2. Nf3 d6 3. d4 cxd4 4. Nxd4 Nf6 5. f3 e5 6. Nb3 d5 7. Bg5 Be6 8. Bxf6
gxf6 9. exd5 Bxd5 10. Nc3 Bb4 11. Qd3 Bxb3 12. Qxd8+ Kxd8 13. O-O-O+ Ke7 14.
axb3 Bxc3 15. bxc3 Nd7 16. Bd3 Nc5 17. Bf5 Ne6 18. Rhe1 h5 19. g3 h4 20. g4
Rac8 21. f4 exf4 22. Kb2 Rhd8 23. Rd4 f3 24. Rd3 h3 25. Be4 Rxd3 26. cxd3 f2
27. Rf1 Rg8 28. Bf5 Ng7 29. Bh7 Rh8 30. Be4 Rh4 31. Bxb7 Rxg4 32. Rxf2 Ne6 33.
Re2 Kd6 34. Re3 Ng5 35. Kc2 f5 36. Kd2 f4 37. Re2 Rg1 38. Re1 Rg2+ 39. Bxg2
hxg2 40. Ke2 Nh3 41. d4 Kd5 42. Kf3 g1=Q 43. Rxg1 Nxg1+ 44. Kf2 Nh3+ 45. Kg2
Ke4 46. d5 f3+ 47. Kxh3 Ke3 48. Kg3 f2 0-1

[Event "Chigorin Memorial"]
[Site "St Petersburg"]
[Date "2015.10.11"]
[Round "9.119"]
[White "Altshul, Raffael"]
[Black "Machlik, Edit"]
[Result "0-1"]
[WhiteElo "2130"]
[BlackElo "1946"]
[PlyCount "106"]
[EventDate "2015.10.03"]
[EventRounds "9"]
[EventCountry "RUS"]

1. c4 c5 2. Nf3 Nc6 3. Nc3 g6 4. e3 Nf6 5. d4 cxd4 6. exd4 d5 7. cxd5 Nxd5 8.
Bc4 Nxc3 9. bxc3 Bg7 10. O-O Qc7 11. Bb3 O-O 12. Be3 b6 13. Rc1 Ba6 14. Re1 Na5
15. Ne5 Nc4 16. Bf4 Nxe5 17. Bxe5 Bxe5 18. Rxe5 e6 19. h4 Rfd8 20. Qg4 Bc4 21.
h5 Rd5 22. hxg6 hxg6 23. Re3 Kg7 24. Qg3 Qxg3 25. Rxg3 Rc8 26. Rb1 Rh5 27. f4
Rf5 28. Rf3 g5 29. fxg5 Rxg5 30. Kf2 Bd5 31. Bxd5 Rxd5 32. Rb2 Ra5 33. Ke2 Ra3
34. Kd2 Rc4 35. Kc2 Kf8 36. Rh3 Ke7 37. Kd2 Rca4 38. Kc2 Rxa2 39. Rh8 Ra1 40.
Ra8 Ra5 41. Kd3 Re1 42. Kc4 Rc1 43. Rc8 Kd7 44. Rf8 Ke7 45. Rc8 Kd6 46. Rd8+
Kc6 47. Rc8+ Kd7 48. Rf8 Rf5 49. Re2 a5 50. g4 Rf3 51. d5 Rcxc3+ 52. Kd4 Rfd3+
53. Ke4 exd5+ 0-1

[Event "Chigorin Memorial"]
[Site "St Petersburg"]
[Date "2015.10.11"]
[Round "9.120"]
[White "Skafar, Darya"]
[Black "Bratus, Petr P"]
[Result "1/2-1/2"]
[WhiteElo "1961"]
[BlackElo "2124"]
[PlyCount "80"]
[EventDate "2015.10.03"]
[EventRounds "9"]
[EventCountry "RUS"]

1. e4 c5 2. Nf3 d6 3. Bb5+ Bd7 4. Bxd7+ Qxd7 5. O-O Nf6 6. Qe2 Nc6 7. c3 e6 8.
d4 cxd4 9. cxd4 d5 10. e5 Ne4 11. Be3 Be7 12. Ne1 f6 13. f3 Ng5 14. Nd3 Nf7 15.
f4 O-O 16. Nd2 Rac8 17. Nb3 b6 18. a4 a5 19. Nd2 f5 20. Nb1 Nb4 21. Nc3 Rc4 22.
Nxb4 Bxb4 23. Nb5 Rfc8 24. Rac1 Rxc1 25. Rxc1 Rxc1+ 26. Bxc1 Qc6 27. Be3 g6 28.
Kf2 Kg7 29. b3 Be7 30. Qd2 Nd8 31. Qc1 Kf7 32. Ke2 Ke8 33. Kd3 Qxc1 34. Bxc1
Nf7 35. g3 Nh6 36. h3 Nf7 37. Ke3 Kd7 38. Ke2 h6 39. Ba3 Bd8 40. h4 h5 1/2-1/2

[Event "Chigorin Memorial"]
[Site "St Petersburg"]
[Date "2015.10.11"]
[Round "9.121"]
[White "Sheynin, Izrail"]
[Black "Yakimenko, Anastasia"]
[Result "1/2-1/2"]
[WhiteElo "1957"]
[BlackElo "2115"]
[PlyCount "86"]
[EventDate "2015.10.03"]
[EventRounds "9"]
[EventCountry "RUS"]

1. e4 c5 2. Nf3 e6 3. d4 cxd4 4. Nxd4 a6 5. Nc3 Qc7 6. Bd3 b5 7. O-O Bb7 8. Kh1
Nf6 9. Qe2 d6 10. f4 b4 11. Nd1 Nbd7 12. Nf2 e5 13. Nf3 Nc5 14. Bd2 Nxd3 15.
cxd3 a5 16. Rfc1 Qb8 17. d4 Ba6 18. Qe1 Nd7 19. a3 exf4 20. axb4 axb4 21. Bxb4
Be7 22. e5 dxe5 23. Bxe7 Kxe7 24. Nxe5 Nxe5 25. Rc5 Rd8 26. Rxe5+ Kf8 27. Rea5
f3 28. Rxa6 fxg2+ 29. Kg1 Rxa6 30. Rxa6 Qxb2 31. Qa1 Qxa1+ 32. Rxa1 Rxd4 33.
Kxg2 g6 34. Kf3 Kg7 35. Ra7 Rd5 36. Ng4 Rf5+ 37. Kg3 h5 38. Ne3 Rf6 39. Nd5 Rf5
40. Nf4 Kg8 41. Rd7 Kg7 42. Rd5 Rf6 43. h3 Ra6 1/2-1/2

[Event "Chigorin Memorial"]
[Site "St Petersburg"]
[Date "2015.10.11"]
[Round "9.122"]
[White "Eryshkanova, Anastasiya"]
[Black "Gadzhiev, Farid"]
[Result "1-0"]
[WhiteElo "2108"]
[BlackElo "1894"]
[PlyCount "67"]
[EventDate "2015.10.03"]
[EventRounds "9"]
[EventCountry "RUS"]

1. e4 c5 2. Nf3 e6 3. d4 cxd4 4. Nxd4 Nf6 5. Nc3 d6 6. Bg5 h6 7. Be3 a6 8. a4
Nc6 9. Be2 Be7 10. Qd2 Qc7 11. O-O Ne5 12. f3 g5 13. a5 Ng6 14. Rfd1 Nh5 15.
Bf1 Bd7 16. Na4 Bf6 17. Nb6 Rd8 18. Nc4 Ne5 19. Na3 Rg8 20. Nb3 g4 21. f4 Nf3+
22. gxf3 gxf3+ 23. Kh1 Bc6 24. Bd3 Rg2 25. Bb6 Qe7 26. Qe3 Be5 27. Bxd8 Qxd8
28. Qxf3 Nxf4 29. Rd2 Rxd2 30. Nxd2 Nxd3 31. cxd3 Qh4 32. Qg2 Bxb2 33. Rf1 f5
34. Nac4 1-0

[Event "Chigorin Memorial"]
[Site "St Petersburg"]
[Date "2015.10.11"]
[Round "9.123"]
[White "Nazarova, Anastasia"]
[Black "Veselov, Andrey"]
[Result "0-1"]
[WhiteElo "1941"]
[BlackElo "2105"]
[PlyCount "78"]
[EventDate "2015.10.03"]
[EventRounds "9"]
[EventCountry "RUS"]

1. e4 c5 2. Nf3 Nc6 3. c4 e5 4. d3 d6 5. Be2 f5 6. Nc3 Be7 7. O-O Nf6 8. a3 a5
9. Rb1 f4 10. Ne1 O-O 11. Nc2 g5 12. Nd5 a4 13. b4 axb3 14. Rxb3 Kh8 15. Bd2
Rg8 16. h3 g4 17. Nxf6 gxh3 18. Nxg8 Qxg8 19. Bf3 hxg2 20. Bxg2 Bh3 21. Ne1 Nd4
22. f3 Bh4 23. Rb2 Rxa3 24. Kh1 Bc8 25. Bc1 Bg3 26. Rff2 Qd8 27. Kg1 Qh4 28.
Kf1 Qh2 29. Nc2 Bxf2 30. Kxf2 Bh3 31. Ne1 Bxg2 32. Nxg2 Qg3+ 33. Kf1 Nxf3 34.
Rf2 Nh2+ 35. Kg1 Ra1 36. Rxf4 Ra2 37. Rf8+ Kg7 38. Bh6+ Kxh6 39. Qc1+ Kg7 0-1

[Event "Chigorin Memorial"]
[Site "St Petersburg"]
[Date "2015.10.11"]
[Round "9.124"]
[White "Ngnegevo, Filipp"]
[Black "Protopopova, Anastasiya"]
[Result "1/2-1/2"]
[WhiteElo "1937"]
[BlackElo "2102"]
[PlyCount "96"]
[EventDate "2015.10.03"]
[EventRounds "9"]
[EventCountry "RUS"]

1. e4 e5 2. Nf3 Nc6 3. Bb5 a6 4. Ba4 Nf6 5. O-O Be7 6. Re1 b5 7. Bb3 d6 8. c3
O-O 9. h3 Na5 10. Bc2 d5 11. exd5 e4 12. Ng5 Nxd5 13. Nxe4 f5 14. c4 Nxc4 15.
d3 Ncb6 16. Nec3 Nb4 17. Bb3+ Kh8 18. Qf3 Rb8 19. Qe3 Bd6 20. d4 f4 21. Qf3 Bb7
22. Ne4 Nc6 23. Rd1 Ne7 24. Nbd2 Nf5 25. Qd3 Nh4 26. Bc2 g6 27. Nf3 Re8 28.
Neg5 Nxf3+ 29. Nxf3 Nd5 30. Ne5 Bxe5 31. dxe5 Qg5 32. g3 Qh5 33. Bb3 Rbd8 34.
g4 Qh4 35. e6 c5 36. Bxd5 Bxd5 37. Qc3+ Kg8 38. Bxf4 Rf8 39. Qg3 Qf6 40. Re1
Bxe6 41. Be3 c4 42. Rad1 Qxb2 43. Rxd8 Rxd8 44. Bb6 Re8 45. Qd6 Qf6 46. Bc5 a5
47. Qb6 b4 48. Bd4 Qf7 1/2-1/2

[Event "Chigorin Memorial"]
[Site "St Petersburg"]
[Date "2015.10.11"]
[Round "9.125"]
[White "Nasibullin, Iskander"]
[Black "Kiseleva, Ekaterina"]
[Result "1-0"]
[WhiteElo "2075"]
[BlackElo "1859"]
[PlyCount "117"]
[EventDate "2015.10.03"]
[EventRounds "9"]
[EventCountry "RUS"]

1. e4 e5 2. Nf3 d6 3. d4 exd4 4. Nxd4 Nf6 5. Nc3 Be7 6. Qf3 O-O 7. Nf5 Re8 8.
Bd3 Bf8 9. O-O Nc6 10. Qg3 Bxf5 11. exf5 Ne5 12. Bg5 Nxd3 13. Qxd3 Be7 14. Rae1
Nd7 15. Rxe7 Rxe7 16. Nd5 f6 17. Nxe7+ Qxe7 18. Be3 Qf7 19. Qb5 Nb6 20. Bxb6
axb6 21. Re1 Kf8 22. a3 Re8 23. Rxe8+ Qxe8 24. Qxe8+ Kxe8 25. f3 d5 26. Kf2 Kd7
27. Ke3 Kd6 28. g4 c5 29. h4 b5 30. b4 b6 31. Kf4 Ke7 32. Ke3 Kf7 33. Kf4 Kg8
34. Ke3 h5 35. Kf4 Kf7 36. Ke3 Ke7 37. Kf4 Kd6 38. gxh5 c4 39. c3 d4 40. cxd4
Kd5 41. Ke3 c3 42. Kd3 c2 43. Kxc2 Kxd4 44. Kb3 Kd3 45. a4 bxa4+ 46. Kxa4 Kc4
47. h6 gxh6 48. h5 Kd3 49. Kb5 Ke3 50. Kxb6 Kxf3 51. Kc7 Kg4 52. b5 Kxf5 53. b6
Kg5 54. b7 f5 55. b8=Q Kxh5 56. Qb2 f4 57. Qg2 Kh4 58. Kd6 h5 59. Ke5 1-0

[Event "Chigorin Memorial"]
[Site "St Petersburg"]
[Date "2015.10.11"]
[Round "9.126"]
[White "Sakorenko, Adriana"]
[Black "Sazonova, Anastasia"]
[Result "0-1"]
[WhiteElo "1935"]
[BlackElo "2065"]
[PlyCount "74"]
[EventDate "2015.10.03"]
[EventRounds "9"]
[EventCountry "RUS"]

1. e4 c5 2. Nf3 e6 3. b3 a6 4. c4 Nc6 5. Bb2 Nf6 6. e5 Ng4 7. h3 Nh6 8. Bd3 Qc7
9. O-O b6 10. Re1 Bb7 11. Be4 O-O-O 12. Qe2 Kb8 13. Na3 Be7 14. Nc2 f5 15. Bxc6
Qxc6 16. d4 g5 17. Red1 g4 18. hxg4 fxg4 19. Nfe1 Qe4 20. Qxe4 Bxe4 21. Ba3 Nf7
22. Ne3 h5 23. Nd3 Bxd3 24. Rxd3 Bf8 25. Bb2 Bg7 26. Re1 d6 27. dxc5 dxc5 28.
Rxd8+ Rxd8 29. Nf1 Kc7 30. Kh2 Bh6 31. Re2 Bf4+ 32. g3 Bh6 33. Kg2 Rd1 34. Bc3
Bg7 35. Nd2 Ng5 36. Ne4 Nf3 37. Nf6 Rg1# 0-1

[Event "Chigorin Memorial"]
[Site "St Petersburg"]
[Date "2015.10.11"]
[Round "9.127"]
[White "Kokhnover, Ilya"]
[Black "Kharlamov, Igor"]
[Result "1-0"]
[WhiteElo "1925"]
[BlackElo "2065"]
[PlyCount "69"]
[EventDate "2015.10.03"]
[EventRounds "9"]
[EventCountry "RUS"]

1. e4 c6 2. d4 d5 3. exd5 cxd5 4. c4 Nf6 5. Nc3 e6 6. c5 Nc6 7. Bg5 Be7 8. Bb5
O-O 9. Nge2 Ne4 10. Bxe7 Nxe7 11. Nxe4 dxe4 12. O-O Nd5 13. Qc2 f5 14. Bc4 b6
15. Bxd5 Qxd5 16. Rfd1 Bb7 17. Nf4 Qd7 18. b4 Rf6 19. Rac1 Rc8 20. a4 Bd5 21.
b5 Rh6 22. Nxd5 exd5 23. Qd2 Rf8 24. Qf4 Rg6 25. c6 Qf7 26. h3 Re6 27. Rc3 h6
28. h4 Qh5 29. Rdc1 g5 30. hxg5 hxg5 31. Rg3 Rg6 32. Qe5 f4 33. Rh3 Qg4 34.
Rh8+ Kf7 35. Rh7+ 1-0

[Event "Chigorin Memorial"]
[Site "St Petersburg"]
[Date "2015.10.11"]
[Round "9.129"]
[White "Komarov, Alexey"]
[Black "Kulagin, Sergey"]
[Result "1-0"]
[WhiteElo "1921"]
[BlackElo "2055"]
[PlyCount "75"]
[EventDate "2015.10.03"]
[EventRounds "9"]
[EventCountry "RUS"]

1. c4 b6 2. Nc3 Bb7 3. e4 e6 4. a3 c5 5. Nf3 Nc6 6. Bd3 d6 7. O-O Be7 8. Bc2 e5
9. d3 Nf6 10. h3 O-O 11. Ne1 Nd7 12. f4 exf4 13. Bxf4 Nde5 14. Nf3 Nxf3+ 15.
Qxf3 Nd4 16. Qd1 Bg5 17. Qd2 Bxf4 18. Rxf4 Qg5 19. Raf1 f5 20. Qf2 Rf6 21. Bd1
Raf8 22. h4 Qh6 23. Qg3 fxe4 24. Rxf6 Rxf6 25. Rxf6 Qxf6 26. dxe4 Bc8 27. Nd5
Qf8 28. Bg4 h6 29. Kh2 Bxg4 30. Qxg4 Qf2 31. h5 Kh8 32. Ne7 Qf7 33. Ng6+ Kh7
34. Qc8 Qg8 35. Nf8+ Kh8 36. Qe8 Ne6 37. Ng6+ Kh7 38. Qxe6 1-0

[Event "Chigorin Memorial"]
[Site "St Petersburg"]
[Date "2015.10.11"]
[Round "9.130"]
[White "Zolotyh, Lev"]
[Black "Movldiev, Ibragim"]
[Result "0-1"]
[WhiteElo "1906"]
[BlackElo "2047"]
[PlyCount "66"]
[EventDate "2015.10.03"]
[EventRounds "9"]
[EventCountry "RUS"]

1. e4 c5 2. Nf3 e6 3. d4 cxd4 4. Nxd4 Nf6 5. Nc3 Bb4 6. Bd3 d5 7. O-O Bxc3 8.
bxc3 Qa5 9. e5 Nfd7 10. Qg4 Kf8 11. Qg5 Nc6 12. a4 Ndxe5 13. Ba3+ Kg8 14. f4 f6
15. Qh5 Nf7 16. f5 Nxd4 17. cxd4 Qc3 18. fxe6 Qxd4+ 19. Kh1 Bxe6 20. Rae1 Ne5
21. Qe2 Bf7 22. Bb5 a6 23. Bd3 Qxa4 24. Bc1 Re8 25. Qf2 Qd7 26. Bb2 h5 27. Qg3
h4 28. Qf4 Rh5 29. Bf5 Be6 30. Bxe6+ Qxe6 31. Rf2 Qc6 32. Rfe2 h3 33. g3 d4+
0-1

[Event "Chigorin Memorial"]
[Site "St Petersburg"]
[Date "2015.10.11"]
[Round "9.131"]
[White "Mirzaeva, Gulnara"]
[Black "Sinyanskiy, Maxim"]
[Result "1-0"]
[WhiteElo "1890"]
[BlackElo "2043"]
[PlyCount "137"]
[EventDate "2015.10.03"]
[EventRounds "9"]
[EventCountry "RUS"]

1. e4 c5 2. Nf3 d6 3. c4 Nf6 4. Nc3 e6 5. Be2 Be7 6. O-O O-O 7. d4 cxd4 8. Nxd4
a6 9. Be3 Qc7 10. f3 b6 11. Qd2 Bb7 12. Rac1 Nbd7 13. Rc2 Rac8 14. Rb1 Qb8 15.
b3 Bd8 16. Kh1 Bc7 17. Bg1 Kh8 18. b4 Rg8 19. Na4 g5 20. c5 dxc5 21. bxc5 Bf4
22. Qb4 bxc5 23. Nxc5 Nxc5 24. Rxc5 Ba8 25. Qxb8 Rxb8 26. Rxb8 Bxb8 27. Bxa6 g4
28. fxg4 Bxe4 29. Rc8 Rxc8 30. Bxc8 Nxg4 31. a4 Ne5 32. a5 Nd3 33. a6 Nc5 34.
Nf3 Na4 35. Bd7 Bc2 36. a7 Bxa7 37. Bxa7 Kg7 38. Bd4+ Kf8 39. Kg1 Ke7 40. Bb5
f6 41. Kf2 e5 42. Ba7 Nc3 43. Bc5+ Ke6 44. Bc4+ Kf5 45. Bb4 Nd1+ 46. Ke2 Nb2
47. Bg8 Kg4 48. Be7 e4 49. Nd4 Bd3+ 50. Ke1 e3 51. Bxf6 Be4 52. Be6+ Kh5 53.
Bf7+ Kg4 54. Ke2 Bxg2 55. Kxe3 Nd1+ 56. Ke2 Nc3+ 57. Kd3 Ne4 58. Be5 Ng5 59.
Bg8 h5 60. Ke3 h4 61. Bc4 Bh1 62. Be2+ Kh3 63. Bf4 Ne4 64. Bf1+ Kg4 65. h3+ Kh5
66. Be2+ Kg6 67. Bd3 Kh5 68. Bxe4 Bxe4 69. Kxe4 1-0

[Event "Chigorin Memorial"]
[Site "St Petersburg"]
[Date "2015.10.11"]
[Round "9.135"]
[White "Sergeyev, Dmitriy"]
[Black "Pankova, Julia"]
[Result "1-0"]
[WhiteElo "2077"]
[BlackElo "1703"]
[PlyCount "97"]
[EventDate "2015.10.03"]
[EventRounds "9"]
[EventCountry "RUS"]

1. e4 c5 2. Nf3 d6 3. Bb5+ Bd7 4. Bxd7+ Qxd7 5. O-O Nf6 6. e5 dxe5 7. Nxe5 Qc8
8. Qf3 Nbd7 9. Nc4 e6 10. Nc3 Be7 11. d3 a6 12. a4 O-O 13. Bf4 Qc6 14. Qxc6
bxc6 15. Bg3 Nh5 16. Bd6 Bxd6 17. Nxd6 Rab8 18. Nc4 Nf4 19. Rfe1 Nd5 20. Ne4
Nb4 21. Re2 h6 22. g3 Rfd8 23. f4 g6 24. Na5 Rf8 25. Rd1 Rb6 26. Kg2 Nd5 27.
Nc4 Rbb8 28. Rf1 Ne7 29. g4 Kg7 30. h3 Kh7 31. b3 Kg7 32. Ned6 Nb6 33. Nxb6
Rxb6 34. f5 gxf5 35. gxf5 Nxf5 36. Nxf5+ exf5 37. Rxf5 c4 38. dxc4 Kg6 39. Rc5
Rc8 40. Rd2 Kg7 41. Rd6 Re8 42. Rf5 Re2+ 43. Rf2 Re6 44. Rd7 Rg6+ 45. Kf1 Rf6
46. Rxf6 Kxf6 47. a5 Rb8 48. Rd6+ Kg7 49. Rxc6 1-0

[Event "Chigorin Memorial"]
[Site "St Petersburg"]
[Date "2015.10.11"]
[Round "9.136"]
[White "Shuster, Andrei"]
[Black "Polozhentsev, Maksim"]
[Result "1-0"]
[WhiteElo "2053"]
[BlackElo "1897"]
[PlyCount "111"]
[EventDate "2015.10.03"]
[EventRounds "9"]
[EventCountry "RUS"]

1. e4 c5 2. Nf3 Nc6 3. Bb5 Nf6 4. Bxc6 dxc6 5. d3 g6 6. h3 Bg7 7. O-O O-O 8.
Nc3 Nd7 9. Be3 e5 10. Qd2 b6 11. Bh6 Qe7 12. Bxg7 Kxg7 13. Nh2 Rd8 14. f4 Ba6
15. Ng4 h5 16. Ne3 Nf6 17. Qf2 c4 18. dxc4 exf4 19. Qxf4 Rd4 20. Qg5 Bc8 21.
Rf2 Nd5 22. Qxe7 Nxe7 23. Rd1 Rxd1+ 24. Ncxd1 Be6 25. Rd2 Kf6 26. Kf2 Ke5 27.
Kf3 f5 28. exf5 Nxf5 29. Nxf5 Bxf5 30. Nf2 Rf8 31. Ke3 g5 32. Nd3+ Bxd3 33.
cxd3 Rf4 34. d4+ Kf5 35. b3 g4 36. hxg4+ Rxg4 37. d5 cxd5 38. cxd5 Ke5 39. d6
Rg3+ 40. Kf2 Rg8 41. d7 Rd8 42. Kg3 Ke6 43. Kh4 Ke7 44. Kxh5 Rh8+ 45. Kg6 Kd8
46. g4 Rg8+ 47. Kf5 Rf8+ 48. Ke6 Rg8 49. Rf2 Rg6+ 50. Rf6 Rg8 51. g5 Kc7 52.
Ke7 Rg7+ 53. Rf7 Rg8 54. g6 a5 55. g7 b5 56. Kf6 1-0

[Event "Chigorin Memorial"]
[Site "St Petersburg"]
[Date "2015.10.11"]
[Round "9.137"]
[White "Kopasov, Evgeny"]
[Black "Rovnov, Vladislav"]
[Result "0-1"]
[WhiteElo "2050"]
[BlackElo "1895"]
[PlyCount "98"]
[EventDate "2015.10.03"]
[EventRounds "9"]
[EventCountry "RUS"]

1. d4 d5 2. Bf4 Nf6 3. Nf3 c5 4. e3 Nc6 5. c3 Qb6 6. Qb3 c4 7. Qxb6 axb6 8. Na3
Ra5 9. Bc7 e6 10. Bxb6 Ra6 11. Bc5 Bxc5 12. dxc5 Ne4 13. Nb5 Ke7 14. Be2 Nxc5
15. O-O Rb6 16. a4 Nxa4 17. Rxa4 Rxb5 18. b4 Rb6 19. Nd4 Bd7 20. Ra2 Kd6 21.
Rd1 Nxd4 22. exd4 Rc6 23. f4 Rcc8 24. Rda1 h6 25. Bf3 Rhg8 26. Kf2 Ke7 27. Re1
Kf6 28. Ke3 Ra8 29. Rea1 Rxa2 30. Rxa2 g5 31. g3 gxf4+ 32. Kxf4 Ke7 33. Re2 Kd6
34. g4 f6 35. h4 e5+ 36. dxe5+ fxe5+ 37. Rxe5 Rf8+ 38. Rf5 Bxf5 39. gxf5 b5 40.
h5 Rf7 41. Bh1 Rg7 42. Bf3 Rg1 43. f6 Rf1 44. Ke3 Ke6 45. f7 Rxf3+ 46. Kxf3
Kxf7 47. Ke3 Ke6 48. Kf3 Kf5 49. Ke3 Ke5 0-1

[Event "Chigorin Memorial"]
[Site "St Petersburg"]
[Date "2015.10.11"]
[Round "9.139"]
[White "Zajtzeva, Viktoria"]
[Black "Martynyuk, Elizaveta"]
[Result "0-1"]
[WhiteElo "1891"]
[BlackElo "2031"]
[PlyCount "108"]
[EventDate "2015.10.03"]
[EventRounds "9"]
[EventCountry "RUS"]

1. Nf3 d5 2. g3 Nf6 3. Bg2 c6 4. O-O Bf5 5. d3 h6 6. Nbd2 e6 7. Re1 Bc5 8. e3
O-O 9. Qe2 Bh7 10. e4 dxe4 11. Nxe4 Nxe4 12. dxe4 Nd7 13. e5 Qc7 14. c3 a5 15.
Be3 Rad8 16. Rad1 Qb6 17. Bd4 Bxd4 18. cxd4 Qb4 19. g4 Nb6 20. g5 Bg6 21. Nh4
hxg5 22. Nxg6 fxg6 23. a3 Qe7 24. Be4 Nd5 25. Bxd5 Rxd5 26. Qc2 Rf5 27. Re3 g4
28. Rg3 Qh4 29. Qe4 Rfxe5 30. dxe5 Rxd1+ 31. Kg2 Qd8 32. Qxg4 Qd5+ 33. Kh3 Rd3
34. Qxg6 Rxg3+ 35. Qxg3 b5 36. f4 Qe4 37. Kh4 Qh7+ 38. Kg4 Qg6+ 39. Kf3 Qxg3+
40. hxg3 Kf7 41. Ke4 c5 42. g4 g5 43. f5 exf5+ 44. gxf5 g4 45. e6+ Ke8 46. f6
g3 47. Kd5 g2 48. Kxc5 g1=Q+ 49. Kxb5 Qg5+ 50. Ka4 Qxf6 51. Kxa5 Qxb2 52. a4
Ke7 53. Ka6 Kxe6 54. a5 Kd6 0-1

[Event "Chigorin Memorial"]
[Site "St Petersburg"]
[Date "2015.10.11"]
[Round "9.140"]
[White "Efimenko, Aleksandr"]
[Black "Kolesnikova, Kristina"]
[Result "0-1"]
[WhiteElo "1871"]
[BlackElo "2027"]
[PlyCount "72"]
[EventDate "2015.10.03"]
[EventRounds "9"]
[EventCountry "RUS"]

1. e4 e5 2. Nf3 Nc6 3. Bb5 a6 4. Ba4 Nf6 5. O-O Be7 6. Re1 b5 7. Bb3 O-O 8. c3
d5 9. d4 Nxe4 10. dxe5 Be6 11. Nd4 Nxd4 12. cxd4 Bf5 13. Be3 h6 14. f3 Ng5 15.
Nc3 c6 16. Bc2 Bxc2 17. Qxc2 Bb4 18. Rf1 Rc8 19. f4 Nh7 20. f5 c5 21. Qf2 cxd4
22. Bxd4 Re8 23. f6 g6 24. Qh4 Bf8 25. Rae1 Ng5 26. Ne2 Qd7 27. Nf4 Rc4 28.
Nxg6 fxg6 29. f7+ Nxf7 30. e6 Rxe6 31. Qg4 Rd6 32. Qh4 Bg7 33. Re7 Bxd4+ 34.
Kh1 Bf6 35. Rxd7 Bxh4 36. Rdxf7 Rf6 0-1